000 00418nam a2200181Ia 4500
005 20240823005237.0
008 240823s9999||||xx |||||||||||||| ||und||
041 _aENGLISH
082 _A671.2 N6
100 _aRamana Rao T V
245 0 _aMetal Casting
250 _a1st
260 _c1996
_b"New Age,New Delhi"
500 _aYES
650 _aMetal
_bAeronautical Engineering
942 _cBK
999 _c155157
_d155157